Holiday Quiz

Random Holiday or Halloween Quiz

Animals with Jack-o'-Lanterns Quiz Stats

 Plays Quiz Updated Oct 23, 2017

Challenge
Share
Tweet
Score 0/15 Timer 06:00
3 Plays Today
Hint Answer % Correct
Gray Wolf
98.4%
Dog
98.2%
Elephant
98%
Grizzly Bear
97.3%
Jaguar
97.1%
Polar Bear
97.1%
Giraffe
96.7%
Lion
95.7%
Hint Answer % Correct
Bat
95.4%
Gray langur
94.6%
Fish
94.4%
Otter
90.9%
Ring Tailed Lemur
87.5%
Humboldt Penguin
83.9%
Red Panda
78.3%

You're not logged in!

Compare scores with friends on all Sporcle quizzes.
OR
Log In

You Might Also Like...

Show Comments

Extras

Top Quizzes Today


Score Distribution

Your Account Isn't Verified!

In order to create a playlist on Sporcle, you need to verify the email address you used during registration. Go to your Sporcle Settings to finish the process.

Report this User

Report this user for behavior that violates our Community Guidelines.

Details: